000 00663nam a2200289Ia 4500
005 20260324143536.0
008 008 260324s9999 xx 000 0 eng d
020 _a9780429092442
037 _aEBOOK
040 _aCRL
040 _beng
040 _cCRL
041 _2eng
041 _aeng
084 _qCRL
100 _aMickey C. Smith
_91216017
245 0 _aPharmaceutical Marketing
245 0 _bStrategy and Cases
260 _bTaylor and Francis
260 _c1991
365 _a
365 _b400
856 _uhttp://www.taylorfrancis.com/books/9780429092442
942 _cEBOOK
999 _c1821544
_d1821544